000 01310nam a2200265Ia 4500
003 OSt
005 20250710115524.0
008 191128s2015 mx a br 000 f spa d
020 _a9786079568344
040 _aCO-JMCR
_cCO-JMCR
041 0 _aspa
082 0 4 _aN
_bHEMv
100 1 _aHemingway, Ernest,
_eautor
_9570
245 1 3 _aEl viejo y el mar /
_cErnest Hemingway
250 _a2a. edición
260 _aMéxico :
_bEdiciones MAAN,
_c2015
300 _a123 páginas :
_bilustraciones a blanco y negro ;
_c19 cm.
490 0 _aClásicos niños
500 _aIncluye datos biográficos del autor en contraportada
520 _aTrata de un viejo solitario pescador cansado por los años de trabajo: su nombre es Santiago, y el único amigo que tiene es un muchacho a quien le enseñó a pescar muy pequeñín; todos conocían a este muchacho como Manolín. Todos en el pueblo sabían que Santiago era quizá el mejor pescador a pesar de sus años, y aunque muchos creían que su vida estaba llegando al final, Santiago deseaba poder retirarse con una buena presa y demostrar a todos que aún era un gran pescador.
650 1 4 _aNovela estadounidense
_ySiglo XX
_91373
650 1 4 _aLiteratura estadounidense
_ySiglo XX
_91374
650 1 4 _aPescadores en la literatura
_91375
942 _2ddc
_cBK
999 _c4558
_d4558